000
00307nam a2200121Ia 4500
008
150731s2013 xx 000 0 und d
082
_a
615.532
_b
H 13 S
100
_a
SHAH,SANDEEP
245
_a
HEALTHY HEALING FOR BETTER LIFE
260
_b
CHAUKHAMBHA PUB. NEW DELHI
_c
2013
300
_a
59
942
_2
ddc
_c
BK
999
_c
7890
_d
7890